000 00628nam a2200205Ia 4500
005 20241216011305.0
008 190429s9999||||xx |||||||||||||| ||und||
082 _a669.22
_bL83
100 _aLOPEZ ALVARADO ROMMEL LUIS
245 0 _aNUEVA ALTERNATIVA PARA LA RECUPERACION DE ORO MINAS MINSUR-PUNO
250 _a0
260 _aCERRO DE PASCO-PERU
_bUNDAC
_c1992
300 _a67 pag.
_c30 cm.
341 _h0
490 _v0
_a0
505 _aHIDROCICLONES/EQUIPOS/SELECCION/DISEÑO/EVALUACION ECONOMICA/
541 _aD
_bLOPEZ ALVARADO, ROMMEL L.
_d18-Mar-03
_oSoles
650 _aIngenieria Metalurgica
942 _cTESIS
999 _c37838
_d37838